| Tag |
First Indicator |
Second Indicator |
Subfields |
| LEADER |
00000cam a2200000Ma 4500 |
| 001 |
in00004359331 |
| 005 |
20220105170651.0 |
| 006 |
m o d |
| 007 |
cr |||||||nn|n |
| 008 |
191024s2020 cau o 000 0 eng d |
| 020 |
|
|
|a 9781951498412
|q (electronic bk.)
|
| 020 |
|
|
|a 1951498410
|q (electronic bk.)
|
| 020 |
|
|
|a 9781951498429
|q (electronic bk.)
|
| 020 |
|
|
|a 1951498429
|q (electronic bk.)
|
| 020 |
|
|
|z 9781946527929
|
| 020 |
|
|
|z 9781951498429
|
| 035 |
|
|
|a (OCoLC)on1146569401
|
| 035 |
|
|
|a (OCoLC)1146569401
|
| 037 |
|
|
|a 22573/ctvzpcc2x
|b JSTOR
|
| 040 |
|
|
|a P@U
|b eng
|e pn
|c P@U
|d OCLCO
|d JSTOR
|d VXI
|d OCLCF
|d K6U
|d OCLCQ
|d SFB
|d UtOrBLW
|
| 043 |
|
|
|a n-us---
|
| 049 |
|
|
|a TXAM
|
| 050 |
|
4 |
|a HV3191
|b .R36 2020eb
|
| 082 |
0 |
4 |
|a 362.8/4924073
|2 23
|
| 100 |
1 |
|
|a Raphael, Marc Lee,
|e author.
|0 http://id.loc.gov/authorities/names/n79134142
|
| 245 |
1 |
2 |
|a A History of the United Jewish Appeal /
|c Marc Lee Raphael.
|
| 250 |
|
|
|a Second edition.
|
| 264 |
|
1 |
|a Chico :
|b Scholars Press,
|c 2020.
|
| 300 |
|
|
|a 1 online resource (1 volume)
|
| 336 |
|
|
|a text
|b txt
|2 rdacontent
|
| 337 |
|
|
|a computer
|b c
|2 rdamedia
|
| 338 |
|
|
|a online resource
|b cr
|2 rdacarrier
|
| 490 |
1 |
|
|a Brown Judaic studies ;
|v 34
|
| 505 |
0 |
|
|a Publisher's preface / Michael L. Satlow -- From separatism to community: the origins of the United Jewish Appeal -- The war years: 1939-1945 -- The first 100,000,000 [dollar] campaign: 1946 -- American Jewry's campaign of sacrifice: 1947 and campaign of destiny: 1948 -- Henry Montor's final two campaigns: 1949-1950 and the Joseph J. Schwartz years: 1951-1955 -- The "big giver" -- The view from the top: Herbert Friedman's reign: 1956-1969 -- The American Jewish philanthropic response to the Six Day and Yom Kippur Wars -- The "management team": the increased role of lay leaders and professional staff in the 1970s -- Project renewal -- Problems and prospects.
|
| 588 |
0 |
|
|a Print version record.
|
| 508 |
|
|
|a Publication of this book is made possible, in part, by Mr. Lyman Bloomingdale and by The Max Richter Foundation of Rhode Island.
|
| 500 |
|
|
|a Electronic resource.
|
| 610 |
2 |
0 |
|a United Jewish Appeal
|x History.
|
| 610 |
2 |
7 |
|a United Jewish Appeal.
|2 fast
|0 (OCoLC)fst00546032
|
| 650 |
|
0 |
|a Jews
|z United States
|x Politics and government.
|0 http://id.loc.gov/authorities/subjects/sh2008122309
|
| 650 |
|
7 |
|a Jews
|x Politics and government.
|2 fast
|0 (OCoLC)fst00983330
|
| 651 |
|
7 |
|a United States.
|2 fast
|0 (OCoLC)fst01204155
|
| 655 |
|
7 |
|a Electronic books.
|2 local
|
| 655 |
|
7 |
|a History.
|2 fast
|0 (OCoLC)fst01411628
|
| 710 |
2 |
|
|a JSTOR (Organization)
|0 http://id.loc.gov/authorities/names/no97001983
|
| 776 |
0 |
8 |
|i Print version:
|a Raphael, Marc Lee.
|t History of the United Jewish Appeal.
|b Second edition.
|d Chico : Scholars Press, 2020
|w (DLC) 2019953438
|
| 830 |
|
0 |
|a Brown Judaic studies ;
|v 34.
|0 http://id.loc.gov/authorities/names/n42005292
|
| 856 |
4 |
0 |
|u https://www.jstor.org/stable/10.2307/j.ctvzpv5n7
|z Connect to the full text of this electronic book
|t 0
|
| 955 |
|
|
|a JSTOR Open Access ebooks
|
| 994 |
|
|
|a 92
|b TXA
|
| 999 |
f |
f |
|s f3daf99d-a03a-338e-b6c5-ef1d819f1af0
|i 26d4c293-1649-3274-83a9-4d7c6393d8e8
|t 0
|
| 952 |
f |
f |
|a Texas A&M University
|b College Station
|c Electronic Resources
|d Available Online
|t 0
|e HV3191 .R36 2020eb
|h Library of Congress classification
|
| 998 |
f |
f |
|a HV3191 .R36 2020eb
|t 0
|l Available Online
|